| 000 | 00955nam0a22002291i 4500 | ||
|---|---|---|---|
| 001 | rc\4520184 | ||
| 005 | 20240724174754.0 | ||
| 021 |
_aRU _b[63-24984] |
||
| 035 | _a(NLR Aleph) 008350571 | ||
| 090 |
_a8934912 _c8934912 |
||
| 100 | _a20130416d1963 |||y0rusy50 ca | ||
| 101 | 0 | _arus | |
| 102 | _aRU | ||
| 105 | _ay d ||||| | ||
| 200 | 1 |
_aЭпоха перехода от доклассового общества к классовому в Египте _e(От каменного века к медному) _eАвтореферат дис. на соискание учен. степени кандидата ист. наук _fИн-т археологии Акад. наук СССР. Ленингр. отд-ние |
|
| 210 |
_aЛенинград _d1963 |
||
| 215 |
_a21 с. _d20 |
||
| 700 | 1 |
_aКинк _bХ.А. _f1918- _gХильда Августовна |
|
| 801 | 0 |
_aRU _bNLR _gpsbo |
|
| 801 | 1 |
_aRU _bELAR _2rusmarc |
|
| 852 |
_aNLR _j63-4/7570 |
||
| 942 | _cBOOK | ||